|
|
|
|
| LEADER |
00000nam0a2200000 4500 |
| 001 |
48225 |
| 005 |
20231031031346.0 |
| 035 |
|
|
|a (RuTPU)RU\TPU\book\50499
|
| 090 |
|
|
|a 48225
|
| 100 |
|
|
|a 20030313d1976 m y0rusy50 ca
|
| 101 |
0 |
|
|a rus
|
| 102 |
|
|
|a RU
|
| 105 |
|
|
|a a j 001zy
|
| 200 |
1 |
|
|a Расчет водопроводных сетей
|e учебное пособие
|f Н. Н. Абрамов, М. М. Поспелова, В. Н. Варапаев, Д. Х. Керимова
|
| 205 |
|
|
|a 3-е изд., перераб. и доп.
|
| 210 |
|
|
|a Москва
|c Стройиздат
|d 1976
|
| 215 |
|
|
|a 304 с.
|c ил.
|
| 320 |
|
|
|a Библиогр.: с. 302.
|
| 451 |
|
1 |
|0 (RuTPU)RU\TPU\book\50466
|t Расчет водопроводных сетей
|o учебное пособие
|f Н. Н. Абрамов, М. М. Поспелова, М. А. Сомов, В. Н. Варапаев
|e 4-е изд., перераб. и доп.
|c М.
|n Стройиздат
|d 1983
|p 278 с.
|a Абрамов, Николай Николаевич
|
| 451 |
|
1 |
|0 (RuTPU)RU\TPU\book\35880
|t Расчет водопроводных сетей
|o учебное пособие
|f Н. Н. Абрамов, М. М. Поспелова
|e 2-е изд., перераб. и доп.
|c М.
|n Госстройиздат
|d 1962
|p 228 с.
|
| 610 |
1 |
|
|a водопроводные сети
|
| 610 |
1 |
|
|a расчет
|
| 610 |
1 |
|
|a водоснабжение
|
| 610 |
1 |
|
|a канализация
|
| 610 |
1 |
|
|a проектирование
|
| 610 |
1 |
|
|a ЭВМ
|
| 610 |
1 |
|
|a учебные пособия
|
| 675 |
|
|
|a 628.152(075.8)
|v 3
|
| 701 |
|
1 |
|a Абрамов
|b Н. Н.
|g Николай Николаевич
|
| 701 |
|
1 |
|a Поспелова
|b М. М.
|g Маргарита Михайловна
|
| 701 |
|
1 |
|a Варапаев
|b В. Н.
|g Владимир Николаевич
|
| 701 |
|
1 |
|a Керимова
|b Д. Х.
|g Диляра Хабировна
|
| 801 |
|
1 |
|a RU
|b 63413507
|c 20030313
|g PSBO
|
| 801 |
|
2 |
|a RU
|b 63413507
|c 20130528
|g PSBO
|
| 900 |
|
|
|a Водоснабжение и инженерные мелиорации
|
| 900 |
|
|
|a Инженерные системы водоснабжения и водоотведения
|
| 942 |
|
|
|c BK
|
| 952 |
|
|
|b 290800
|